00319nam a2200121Ia 4500008004100000100002100041245005600062260003500118300000800153650001200161942000700173999001700180190216s9999||||xx |||||||||||||| ||und|| aRobiner Lawrence 0aTheory And Application Of Digital Signal Processing bPrentice Hall Of India Pvt Ltd a762 aPhysics cBK c33597d33597